[Event "Tournoi francophone 017"]
[Site "Skype"]
[Date "????.??.??"]
[Round "5.35"]
[White "Dida, Brahim"]
[Black "Trapletti, Cosetta"]
[Result "1-0"]
[WhiteElo "1000"]
[BlackElo "1000"]
[PlyCount "43"]

1. d4 d5 2. Bf4 Nf6 3. Nf3 e6 4. e3 c5 5. dxc5 Bxc5 6. Nc3 Nc6 7. Be2 O-O 8.
O-O Re8 9. Ne5 Nxe5 10. Bxe5 Ne4 11. Nb5 Qg5 12. Nc7 Qxe5 13. Nxa8 Qb8 14. f3
Nf6 15. Bb5 Bd7 16. Bxd7 Nxd7 17. Nb6 Nxb6 18. Re1 Nc4 19. Rb1 Nxe3 20. Qd3 Qf4
21. Qb5 Bd6 22. Qxe8+ 1-0

[Event "Tournoi francophone 017"]
[Site "Skype"]
[Date "????.??.??"]
[Round "6.1"]
[White "Megelas, Florent"]
[Black "Elias, Roberto"]
[Result "1/2-1/2"]
[WhiteElo "1496"]
[BlackElo "1671"]
[PlyCount "155"]

1. e4 c5 2. Nf3 Nc6 3. d4 cxd4 4. Nxd4 e6 5. Nc3 Bb4 6. Ndb5 Nge7 7. Nd6+ Bxd6
8. Qxd6 O-O 9. Be2 Ng6 10. Qg3 Nd4 11. O-O Nxc2 12. Rb1 Qh4 13. Qxh4 Nxh4 14.
Bg5 Ng6 15. Bd3 Nb4 16. Bc4 a6 17. a3 Nc6 18. Rbd1 b5 19. Bb3 h6 20. Be3 Na5
21. Ba2 Nc4 22. Bxc4 bxc4 23. Rd4 a5 24. Rfd1 Rb8 25. Rxc4 Rxb2 26. Ra4 Rb3 27.
Ne2 Ne5 28. Nd4 Rc3 29. h3 Nc4 30. Nb5 Nxe3 31. Nxc3 Nxd1 32. Nxd1 Bb7 33. f3
Ra8 34. Nc3 Bc6 35. Rc4 Kf8 36. Kf2 Ke7 37. Ke3 Rb8 38. Kf4 Rb2 39. g3 Rb3 40.
a4 Rb4 41. Rc5 Bxa4 42. Rxa5 Bc6 43. Na2 Rc4 44. Ke3 g5 45. Kd3 Ra4 46. Rxa4
Bxa4 47. Nc3 Bc6 48. Kd4 d6 49. Ne2 f5 50. exf5 Bxf3 51. Nc3 exf5 52. Ke3 Bg2
53. h4 f4+ 54. gxf4 gxh4 55. Ne2 Kf6 56. Kf2 h3 57. Kg1 Kf5 58. Kh2 d5 59. Kg3
h5 60. Nd4+ Kf6 61. Ne2 h4+ 62. Kh2 Kf5 63. Kg1 Kg4 64. f5 Kxf5 65. Ng3+ Kf4
66. Ne2+ Ke3 67. Ng3 Be4 68. Nf1+ Kf4 69. Kh2 d4 70. Kxh3 d3 71. Kxh4 Bg2 72.
Nd2 Ke3 73. Nc4+ Kd4 74. Nb2 d2 75. Kg3 Be4 76. Kf2 Kc3 77. Nd1+ Kc2 78. Ne3+
1/2-1/2

[Event "Tournoi francophone 017"]
[Site "Skype"]
[Date "????.??.??"]
[Round "6.2"]
[White "Trivedi, Viral"]
[Black "Deville, Olivier"]
[Result "1/2-1/2"]
[WhiteElo "1210"]
[BlackElo "1767"]
[PlyCount "39"]

1. d4 Nf6 2. Bf4 e6 3. e3 c5 4. c3 Nc6 5. Nd2 d5 6. Bd3 Bd6 7. Bxd6 Qxd6 8. f4
Bd7 9. Ngf3 Rc8 10. O-O cxd4 11. cxd4 Ng4 12. Re1 Nb4 13. Nf1 Nxd3 14. Qxd3 Qb4
15. b3 Bb5 16. Qd2 Qxd2 17. N1xd2 Ke7 18. a4 Bd3 19. h3 Nf6 20. Ne5 1/2-1/2

[Event "Tournoi francophone 017"]
[Site "Skype"]
[Date "????.??.??"]
[Round "6.3"]
[White "Lambert, Pierre"]
[Black "Khabou, Taha"]
[Result "1/2-1/2"]
[WhiteElo "1660"]
[BlackElo "1358"]
[PlyCount "91"]

1. e4 e6 2. d4 d5 3. Nc3 dxe4 4. Nxe4 Bd7 5. Nf3 Bc6 6. Bd3 Nd7 7. O-O Ngf6 8.
Bg5 Be7 9. Nxf6+ Bxf6 10. Bf4 Nb6 11. c3 Nd5 12. Bg3 O-O 13. Re1 Ne7 14. Be5
Ng6 15. Be4 Bxe4 16. Rxe4 Bxe5 17. dxe5 Qxd1+ 18. Rxd1 Rad8 19. Red4 Rxd4 20.
Rxd4 Re8 21. Rd7 Re7 22. Rd8+ Nf8 23. Kf1 g6 24. Ke2 Kg7 25. Nd2 Rd7 26. Rxd7
Nxd7 27. f4 f6 28. Nf3 fxe5 29. Nxe5 Nxe5 30. fxe5 g5 31. Ke3 Kg6 32. Ke4 h5
33. h3 a5 34. a4 h4 35. b4 axb4 36. cxb4 Kf7 37. Kf3 Kg7 38. a5 c6 39. Ke4 Kf7
40. Kd4 Ke7 41. Kc5 Kd7 42. Kb6 Kc8 43. b5 cxb5 44. Kxb5 Kd7 45. Kb6 Kc8 46.
Kc5 1/2-1/2

[Event "Tournoi francophone 017"]
[Site "Skype"]
[Date "????.??.??"]
[Round "6.4"]
[White "Sequeda Pimiento, Javier Ricardo"]
[Black "Rodier, Marc"]
[Result "1/2-1/2"]
[WhiteElo "1434"]
[BlackElo "1566"]
[PlyCount "50"]

1. e4 c5 2. Nf3 d6 3. d4 cxd4 4. Nxd4 Nf6 5. Nc3 a6 6. Bg5 e6 7. Qe2 Be7 8. e5
dxe5 9. Qxe5 Nbd7 10. Qe3 O-O 11. O-O-O Qc7 12. Bd3 b5 13. Nf3 Bb7 14. Bf4 Qb6
15. Qd2 Nc5 16. Be3 Nxd3+ 17. Qxd3 Bc5 18. Bxc5 Qxc5 19. Rhe1 Rfd8 20. Qe2 b4
21. Na4 Qc6 22. b3 Qe4 23. Rxd8+ Rxd8 24. Qxe4 Nxe4 25. Re2 f6 1/2-1/2

[Event "Tournoi francophone 017"]
[Site "Skype"]
[Date "????.??.??"]
[Round "6.6"]
[White "Vervoort, Jean-Louis"]
[Black "Ambrosino, Theo"]
[Result "0-1"]
[WhiteElo "1273"]
[BlackElo "1755"]
[PlyCount "98"]

1. d4 d5 2. Bf4 Nf6 3. Nd2 e6 4. Ngf3 c5 5. c3 Nc6 6. e3 Bd6 7. Bg3 O-O 8. b3
h6 9. Bd3 Re8 10. Qc2 cxd4 11. cxd4 Nb4 12. Qb1 Qc7 13. a3 Nxd3+ 14. Qxd3 b6
15. Bxd6 Qxd6 16. O-O a5 17. a4 Ba6 18. Qb1 Bxf1 19. Qxf1 Qb4 20. Qe2 Rec8 21.
Re1 Ne4 22. Nxe4 dxe4 23. Nd2 Rc2 24. Rd1 Rac8 25. h3 Qxb3 26. Nxb3 Rxe2 27.
Nd2 Rxd2 28. Rxd2 Rc1+ 29. Kh2 Ra1 30. Rb2 Rxa4 31. Rxb6 Rb4 32. Ra6 a4 33. f3
exf3 34. gxf3 Rb3 35. Kg3 Rxe3 36. Rxa4 Kf8 37. Kf4 Re1 38. Ra5 Ke7 39. Re5
Rxe5 40. dxe5 Kd7 41. Ke4 Kc6 42. f4 Kc5 43. f5 exf5+ 44. Kxf5 Kd5 45. h4 h5
46. Kf4 g6 47. Kg5 Kxe5 48. Kh6 Kf6 49. Kh7 g5 0-1

[Event "Tournoi francophone 017"]
[Site "Skype"]
[Date "????.??.??"]
[Round "6.7"]
[White "Castillo, David"]
[Black "Pouteau, Pascal"]
[Result "1-0"]
[WhiteElo "1381"]
[BlackElo "1349"]
[PlyCount "99"]

1. d4 Nf6 2. Nf3 d5 3. e3 Bg4 4. Be2 e6 5. c3 Bd6 6. Nbd2 Nbd7 7. Qc2 Bf5 8.
Bd3 Bxd3 9. Qxd3 O-O 10. O-O c5 11. Re1 Re8 12. h3 Rc8 13. Nf1 c4 14. Qc2 Ne4
15. N3h2 Qh4 16. Qe2 e5 17. f3 Ng3 18. Nxg3 Qxg3 19. Qf2 Qxf2+ 20. Kxf2 exd4
21. Nf1 d3 22. Bd2 Re6 23. Red1 b5 24. a3 Nc5 25. Ng3 g6 26. Re1 Nb3 27. Rad1
Rce8 28. Nf1 f5 29. f4 Be7 30. Nh2 Bd6 31. Nf3 Nxd2 32. Rxd2 Bc5 33. Ne5 g5 34.
g3 Bd6 35. Nf3 h6 36. Rdd1 Kg7 37. Rd2 Kg6 38. Nd4 Re4 39. Nxb5 Bc5 40. Nd4
Bxd4 41. cxd4 Kf6 42. Kf3 gxf4 43. gxf4 Rxf4+ 44. Kxf4 Re4+ 45. Kf3 f4 46. Rdd1
Kf5 47. exf4 Rxd4 48. Re5+ Kf6 49. Ke3 Re4+ 50. Rxe4 1-0

[Event "Tournoi francophone 017"]
[Site "Skype"]
[Date "????.??.??"]
[Round "6.8"]
[White "Hurtado De Mendoza, Ramon Miguel"]
[Black "L'Herbon De Lussats, Jean"]
[Result "1-0"]
[WhiteElo "1436"]
[BlackElo "1245"]
[PlyCount "39"]

1. d4 Nf6 2. c4 c6 3. Nc3 d5 4. Bf4 e6 5. e3 Bd6 6. Be5 O-O 7. Bd3 Qe7 8. Qc2
Nbd7 9. Nf3 g6 10. h3 c5 11. O-O b6 12. Nb5 Bb8 13. Bxb8 Rxb8 14. Nxa7 Bb7 15.
Nb5 Rfc8 16. b3 cxd4 17. exd4 Bc6 18. Na7 Rc7 19. Nxc6 Rbc8 20. Nxe7+ 1-0

[Event "Tournoi francophone 017"]
[Site "Skype"]
[Date "????.??.??"]
[Round "6.9"]
[White "Marino, Giuseppe"]
[Black "Moumtaz, Abderrahim"]
[Result "1-0"]
[WhiteElo "1339"]
[BlackElo "1213"]
[PlyCount "135"]

1. d4 Nf6 2. e3 d5 3. Nf3 e6 4. Bd3 Bb4+ 5. c3 Bd6 6. O-O O-O 7. Nbd2 Nc6 8. e4
dxe4 9. Nxe4 Nxe4 10. Bxe4 Be7 11. Qc2 f5 12. Bd3 Bd7 13. Bf4 Bf6 14. Rfe1 Ne7
15. Bc4 Nd5 16. Bxd5 exd5 17. Qb3 Bc8 18. Be5 c6 19. Bxf6 Qxf6 20. Qc2 Be6 21.
Re5 Rae8 22. Rae1 Bd7 23. Rxe8 Rxe8 24. Rxe8+ Bxe8 25. Qe2 Bf7 26. Ne5 Be6 27.
Qh5 Bf7 28. Nxf7 Qxf7 29. Qe2 Kf8 30. Qe5 Qd7 31. f3 Kf7 32. h3 Qe7 33. Qxf5+
Qf6 34. Qxh7 Qf4 35. Qc2 Qe3+ 36. Kh1 Qf4 37. Qd1 b5 38. b3 Qe3 39. Qb1 Qxc3
40. Qf5+ Kg8 41. Qe6+ Kh7 42. Kh2 Qxd4 43. Qxc6 Qf4+ 44. Kh1 b4 45. Qxd5 Qc1+
46. Kh2 Qf4+ 47. Kg1 Qc1+ 48. Kf2 Qc2+ 49. Kg3 Qg6+ 50. Kh2 Qc2 51. Qe4+ Qxe4
52. fxe4 Kg6 53. Kg3 Kf6 54. Kf4 Ke6 55. g4 g5+ 56. Kxg5 Ke5 57. h4 Kxe4 58. h5
Ke5 59. h6 Kd4 60. h7 Kc3 61. h8=Q+ Kc2 62. Kf4 Kb1 63. Qh2 a6 64. Ke3 Ka1 65.
Kd4 a5 66. Kc5 a4 67. Kxb4 axb3 68. Kxb3 1-0

[Event "Tournoi francophone 017"]
[Site "Skype"]
[Date "????.??.??"]
[Round "6.10"]
[White "Bucherie, Volcy"]
[Black "Duthoit, Bernard"]
[Result "1-0"]
[WhiteElo "1274"]
[BlackElo "1333"]
[PlyCount "101"]

1. d4 e5 2. dxe5 Nc6 3. Nf3 Qe7 4. Qd5 Qb4+ 5. c3 Qa5 6. Qxa5 Nxa5 7. b4 Nc6 8.
a3 a6 9. Nbd2 b5 10. g3 Nge7 11. Bg2 Ng6 12. c4 Rb8 13. O-O Ngxe5 14. Bb2 Nxf3+
15. Bxf3 Bb7 16. Bc3 Ne7 17. e4 f5 18. Be5 d6 19. Bc3 bxc4 20. Rfe1 fxe4 21.
Nxe4 d5 22. Nc5 Bc6 23. Nxa6 Rb7 24. Nc5 Rb8 25. Ne6 Kd7 26. Nxf8+ Rhxf8 27.
Bg4+ Nf5 28. Bxg7 Rf7 29. Bd4 Re8 30. Re5 Rxe5 31. Bxe5 Bb7 32. a4 Kc6 33. Bh5
Re7 34. Bf6 Re4 35. Bf3 Re6 36. Bc3 Kd6 37. Kg2 c6 38. a5 Ba6 39. Bg4 Ne3+ 40.
fxe3 Rxe3 41. Bd4 Rb3 42. Bc5+ Kc7 43. Bb6+ Kd6 44. Bc5+ Kc7 45. Bf5 c3 46.
Bxh7 d4 47. Bxd4 Rxb4 48. Bxc3 Rc4 49. Ra3 c5 50. Bd3 Rg4 51. Bxa6 1-0

[Event "Tournoi francophone 017"]
[Site "Skype"]
[Date "????.??.??"]
[Round "6.11"]
[White "Briere, Jean"]
[Black "Vincent, Andre"]
[Result "1-0"]
[WhiteElo "1237"]
[BlackElo "1332"]
[PlyCount "123"]

1. e4 e5 2. Nf3 Nc6 3. Bc4 Be7 4. Nc3 Nf6 5. d3 O-O 6. O-O d6 7. h3 a6 8. Nd5
Nxd5 9. Bxd5 Nb4 10. Bb3 b5 11. a3 Nc6 12. Bd5 Bb7 13. d4 Bf6 14. dxe5 dxe5 15.
Re1 Rb8 16. Bxc6 Bxc6 17. Qxd8 Rfxd8 18. Bg5 Rd7 19. Bxf6 gxf6 20. Nh4 Rd2 21.
Rac1 Bd7 22. Red1 Rd6 23. Rd3 Rbb6 24. Rcd1 Kf8 25. f3 Ke7 26. Nf5+ Bxf5 27.
exf5 Rbc6 28. c3 h5 29. g4 h4 30. Kf2 Rxd3 31. Rxd3 Rd6 32. Ke3 c5 33. b3 a5
34. Rxd6 Kxd6 35. Ke4 Kc6 36. f4 Kd6 37. fxe5+ fxe5 38. g5 c4 39. bxc4 bxc4 40.
a4 Ke7 41. Kxe5 Kf8 42. Kf6 Kg8 43. g6 fxg6 44. fxg6 Kf8 45. g7+ Kg8 46. Kg5
Kxg7 47. Kxh4 Kg6 48. Kg4 Kh6 49. Kf4 Kg6 50. Ke4 Kg5 51. Kd4 Kh4 52. Kxc4 Kxh3
53. Kb5 Kg4 54. c4 Kf5 55. c5 Ke6 56. Kc6 Ke5 57. Kb7 Kd5 58. c6 Kc4 59. c7 Kb4
60. c8=Q Kxa4 61. Qc5 Kb3 62. Qxa5 1-0

[Event "Tournoi francophone 017"]
[Site "Skype"]
[Date "????.??.??"]
[Round "6.12"]
[White "Lognos, Lina"]
[Black "Le Brun, Yves"]
[Result "1-0"]
[WhiteElo "1023"]
[BlackElo "1321"]
[PlyCount "95"]

1. d4 d5 2. Bf4 Bf5 3. e3 e6 4. Bd3 Bxd3 5. Qxd3 Nd7 6. Qc3 c6 7. Nf3 Ngf6 8.
Nbd2 Be7 9. O-O a5 10. a4 h6 11. h3 O-O 12. b3 Rc8 13. Qd3 c5 14. c4 cxd4 15.
exd4 dxc4 16. bxc4 b6 17. Rfc1 Nh5 18. Bh2 Bf6 19. Ne4 Bg5 20. Nexg5 hxg5 21.
g4 Nf4 22. Bxf4 gxf4 23. Qe4 g5 24. h4 gxh4 25. Qxf4 Qf6 26. Qxf6 Nxf6 27. Nxh4
Nxg4 28. Rab1 Rc6 29. Nf3 f6 30. c5 bxc5 31. Rxc5 Rxc5 32. dxc5 Ra8 33. c6 Kg7
34. Rb7+ Kg6 35. c7 Rc8 36. Nd4 Kf7 37. Nb5 Ke7 38. Na7 Kd7 39. Nxc8 Kxc8 40.
Ra7 Ne5 41. Rxa5 Kxc7 42. Ra7+ Kb6 43. Re7 Nf3+ 44. Kg2 Nd4 45. Rd7 Kc5 46. a5
Nc6 47. a6 Kb6 48. Rd6 1-0

[Event "Tournoi francophone 017"]
[Site "Skype"]
[Date "????.??.??"]
[Round "6.13"]
[White "Sepulveda, Lyda Marcela"]
[Black "Rivalta, Paolo"]
[Result "1-0"]
[WhiteElo "1302"]
[BlackElo "1142"]
[PlyCount "39"]

1. e4 e5 2. Nf3 Nc6 3. Bb5 Nge7 4. c3 a6 5. Ba4 b5 6. Bb3 d5 7. exd5 Nxd5 8.
O-O Bg4 9. Re1 Be7 10. d4 exd4 11. cxd4 O-O 12. Qd3 Ncb4 13. Qe4 f5 14. Qe6+
Rf7 15. Ne5 Qe8 16. Bxd5 Nxd5 17. Qxd5 Bh5 18. Bd2 Rd8 19. Qb3 c6 20. Qe6 1-0

[Event "Tournoi francophone 017"]
[Site "Skype"]
[Date "????.??.??"]
[Round "6.14"]
[White "Abate, Luigi"]
[Black "Roman, Sylvian"]
[Result "0-1"]
[WhiteElo "1119"]
[BlackElo "1284"]
[PlyCount "76"]

1. e4 e5 2. Nf3 Nc6 3. d4 exd4 4. Nxd4 Nf6 5. Nxc6 bxc6 6. Bg5 Be7 7. Nc3 d6 8.
Be2 O-O 9. O-O Re8 10. Re1 Bd7 11. Bf3 h6 12. Bh4 Nh7 13. Bxe7 Rxe7 14. Qd2 Ng5
15. Re3 Nxf3+ 16. Rxf3 Re6 17. Qf4 Rf6 18. Qg3 Rg6 19. Qf4 Rf6 20. Qe3 Rxf3 21.
Qxf3 Qg5 22. Qg3 Qd2 23. Rd1 Qxc2 24. Rb1 Rb8 25. b3 Re8 26. Qe3 f5 27. f3 fxe4
28. f4 Qd3 29. Qxd3 exd3 30. Rd1 Bf5 31. g3 d5 32. Nb1 d4 33. Rc1 Re2 34. Rd1
Be4 35. Kf1 Rxh2 36. a3 Rh1+ 37. Kf2 Rxd1 38. Nc3 dxc3 0-1

[Event "Tournoi francophone 017"]
[Site "Skype"]
[Date "????.??.??"]
[Round "6.16"]
[White "Couto, Januario"]
[Black "Guillaume, Mickael"]
[Result "0-1"]
[WhiteElo "1387"]
[BlackElo "1106"]
[PlyCount "46"]

1. e4 e5 2. Nf3 Nc6 3. Bc4 Bc5 4. O-O Nf6 5. d3 O-O 6. c3 a6 7. Re1 b5 8. Bb3
Bb7 9. Nbd2 a5 10. Nf1 a4 11. Bc2 d6 12. Bg5 h6 13. Bh4 g6 14. Ne3 Nb8 15. Qd2
Nbd7 16. Nd5 Bxd5 17. exd5 Kg7 18. c4 Qb8 19. h3 Re8 20. Nh2 bxc4 21. dxc4 Qxb2
22. Reb1 Qd4 23. Qe2 Qxh4 0-1

[Event "Tournoi francophone 017"]
[Site "Skype"]
[Date "????.??.??"]
[Round "6.17"]
[White "Scata, Laura"]
[Black "De Coninck, Philippe"]
[Result "1-0"]
[WhiteElo "1366"]
[BlackElo "1173"]
[PlyCount "59"]

1. Nf3 Nc6 2. d4 d5 3. c4 Bf5 4. a3 e6 5. cxd5 Qxd5 6. Nc3 Qd7 7. e4 Bg4 8. g3
Bxf3 9. Qxf3 Nxd4 10. Qd1 Nf6 11. e5 Ng8 12. Bg2 O-O-O 13. Be3 Bc5 14. b4 Bb6
15. a4 a6 16. a5 Ba7 17. O-O Ne7 18. Bxd4 Bxd4 19. Qf3 Nc6 20. Rad1 Kb8 21. b5
axb5 22. Nxb5 Qe7 23. Nxd4 Nxa5 24. Ra1 Rd5 25. Rxa5 Rhd8 26. Rfa1 c6 27. Nxc6+
bxc6 28. Qb3+ Rb5 29. Rxb5+ cxb5 30. Qxb5+ 1-0

[Event "Tournoi francophone 017"]
[Site "Skype"]
[Date "????.??.??"]
[Round "6.18"]
[White "Tolaro, Filippa"]
[Black "Fouques Duparc, Paulin"]
[Result "1-0"]
[WhiteElo "1114"]
[BlackElo "1207"]
[PlyCount "63"]

1. d4 Nf6 2. Nf3 b6 3. e3 Bb7 4. Nbd2 c5 5. b3 cxd4 6. exd4 d5 7. Bb2 e6 8.
Bb5+ Nc6 9. O-O Bd6 10. Ne5 Rc8 11. Bd3 O-O 12. c4 Nb4 13. Be2 Qc7 14. a3 Nc6
15. f4 a5 16. Rf3 dxc4 17. Rh3 cxb3 18. Nxb3 Ne7 19. Bf3 Ned5 20. Rc1 Qe7 21.
Qd2 Bxa3 22. Bxa3 Qxa3 23. Bd1 Rxc1 24. Nxc1 Qb4 25. Qf2 Rc8 26. Ncd3 Qb1 27.
Qf1 Nc3 28. Nf2 Nxd1 29. Nxd1 Rc1 30. Rd3 Ba6 31. Qf3 Bxd3 32. Qa8+ 1-0

[Event "Tournoi francophone 017"]
[Site "Skype"]
[Date "????.??.??"]
[Round "6.19"]
[White "Gerbaux, Regis"]
[Black "Rodriguez, Nathalie"]
[Result "1/2-1/2"]
[WhiteElo "1075"]
[BlackElo "1127"]
[PlyCount "62"]

1. e4 e5 2. Nf3 Nc6 3. Bc4 Nf6 4. O-O h6 5. Re1 Bc5 6. c3 Ng4 7. d4 exd4 8.
cxd4 Bb6 9. h3 Nf6 10. Nc3 d6 11. Nd5 Nxd5 12. exd5+ Ne7 13. Re3 O-O 14. Bd2
Nf5 15. Rd3 Qf6 16. Be3 Nxe3 17. Rxe3 Bf5 18. Bd3 Bxd3 19. Qxd3 Rfe8 20. Rxe8+
Rxe8 21. Kf1 Qf4 22. Re1 Rxe1+ 23. Kxe1 Ba5+ 24. Ke2 Qc1 25. Qb3 Qf4 26. Qxb7
Qe4+ 27. Kd1 Qb1+ 28. Ke2 Qc2+ 29. Ke3 Qc1+ 30. Ke2 Qc2+ 31. Ke3 Qc1+ 1/2-1/2

[Event "Tournoi francophone 017"]
[Site "Skype"]
[Date "????.??.??"]
[Round "6.20"]
[White "Ruiz Aguilera, Juan Jesus"]
[Black "Gharbi, Said"]
[Result "0-1"]
[WhiteElo "1102"]
[BlackElo "1434"]
[PlyCount "62"]

1. e4 e5 2. Nf3 Nc6 3. Bc4 h6 4. d4 exd4 5. Nxd4 Ne5 6. Bb3 d6 7. Nd2 Bg4 8. f3
Bh5 9. Nc4 Nf6 10. Nxe5 dxe5 11. Qd3 Qxd4 12. Qxd4 exd4 13. Bf4 Bb4+ 14. Bd2
Bxd2+ 15. Kxd2 O-O 16. Rad1 c5 17. Kc1 b5 18. g4 Bg6 19. c3 c4 20. Bc2 d3 21.
Bb1 Nd7 22. b3 Nc5 23. bxc4 bxc4 24. a3 Nb3+ 25. Kb2 Rab8 26. Ba2 Nd4+ 27. Kc1
Nxf3 28. Bxc4 Bxe4 29. Bxd3 Bc6 30. Rdf1 Ne5 31. Kd2 Bxh1 0-1

[Event "Tournoi francophone 017"]
[Site "Skype"]
[Date "????.??.??"]
[Round "6.21"]
[White "Hargez, Dany"]
[Black "Martin, Jean-Claude"]
[Result "1-0"]
[WhiteElo "1296"]
[BlackElo "1153"]
[PlyCount "59"]

1. e4 e5 2. Nf3 Nc6 3. Bc4 Bc5 4. d4 exd4 5. Bxf7+ Kf8 6. Bd5 Bb4+ 7. c3 dxc3
8. bxc3 Be7 9. e5 d6 10. e6 h6 11. c4 Bf6 12. Be3 Bxa1 13. O-O Nf6 14. Nd4 Bxd4
15. Bxd4 Nxd5 16. cxd5 Nxd4 17. Qxd4 Qf6 18. Qd1 Ke7 19. Qc1 Kd8 20. Nc3 b6 21.
Nb5 Ba6 22. Qxc7+ Ke8 23. Nxd6+ Kf8 24. Re1 Qe7 25. Qc6 Rb8 26. Nf5 Qf6 27. e7+
Kf7 28. Nd6+ Kg6 29. Qc2+ Kg5 30. Ne4+ 1-0

[Event "Tournoi francophone 017"]
[Site "Skype"]
[Date "????.??.??"]
[Round "6.22"]
[White "Dib, Catherine"]
[Black "Sauvaget, Joel"]
[Result "1-0"]
[WhiteElo "1096"]
[BlackElo "1290"]
[PlyCount "83"]

1. c4 Nc6 2. Nc3 e6 3. Nf3 Nf6 4. d3 Be7 5. g3 b6 6. Bg2 Bb7 7. O-O O-O 8. a3
d5 9. cxd5 exd5 10. e3 Re8 11. Re1 Rb8 12. Rb1 d4 13. Ne4 Nxe4 14. dxe4 dxe3
15. Bxe3 Bf6 16. Qc2 Qc8 17. b4 Nd8 18. Bf4 Ne6 19. Qc1 Nxf4 20. Qxf4 h6 21. h4
c5 22. Rbc1 Qd7 23. e5 Bd8 24. Kh2 Bxf3 25. Qxf3 Be7 26. Bh3 Qd8 27. e6 f6 28.
Red1 Qc7 29. Rd7 Qc8 30. Rcd1 Qa6 31. Qh5 Qxa3 32. Qf7+ Kh8 33. Rxe7 Rxe7 34.
Qxe7 Qb2 35. Kg2 Qxb4 36. Rd8+ Rxd8 37. Qxd8+ Kh7 38. e7 Qe4+ 39. f3 Qe2+ 40.
Kh1 Qxf3+ 41. Bg2 Qd1+ 42. Qxd1 1-0

[Event "Tournoi francophone 017"]
[Site "Skype"]
[Date "????.??.??"]
[Round "6.23"]
[White "Ibanez, Bittor"]
[Black "Prieto, Jairo Ovidio"]
[Result "1-0"]
[WhiteElo "1080"]
[BlackElo "1277"]
[PlyCount "43"]

1. e4 c5 2. Nf3 Nc6 3. c3 g6 4. d4 cxd4 5. cxd4 Bg7 6. Bc4 d6 7. Qb3 e6 8. O-O
Bxd4 9. Nxd4 Nxd4 10. Qa4+ Bd7 11. Qd1 Qb6 12. Be3 e5 13. Nc3 Ne7 14. b3 a6 15.
f4 Nec6 16. fxe5 dxe5 17. Bxf7+ Ke7 18. Nd5+ Kd8 19. Nxb6 Ra7 20. Bg5+ Kc7 21.
Nxd7 Kxd7 22. Bf6 1-0

[Event "Tournoi francophone 017"]
[Site "Skype"]
[Date "????.??.??"]
[Round "6.24"]
[White "Milanese, Serge"]
[Black "Ortis, Yves"]
[Result "1-0"]
[WhiteElo "1202"]
[BlackElo "1148"]
[PlyCount "105"]

1. d4 d5 2. Bf4 Nc6 3. c3 e6 4. e3 a6 5. Nf3 Nf6 6. Be2 h6 7. h4 Nh5 8. Bh2 Be7
9. Ne5 Nxe5 10. Bxh5 Nc6 11. Bf4 g6 12. Be2 Bd6 13. Nd2 Bxf4 14. exf4 Qf6 15.
g3 h5 16. Nf3 Qe7 17. Qc2 f5 18. Ng5 Bd7 19. O-O-O O-O-O 20. Rhe1 Qe8 21. Bf3
Na5 22. Rd3 Nc4 23. Bxd5 Ba4 24. b3 Na3 25. Qb2 Rxd5 26. Qxa3 Bd7 27. Rde3 Qf8
28. Qxf8+ Rxf8 29. Nxe6 Bxe6 30. Rxe6 Kd8 31. Rxg6 Rd6 32. Rg5 Kd7 33. Rg7+ Kd8
34. Ree7 Re8 35. Rxe8+ Kxe8 36. Rxc7 b5 37. a3 Kd8 38. Rc5 Re6 39. Kd2 Kd7 40.
b4 Rc6 41. Rxf5 Rc4 42. Rxh5 a5 43. f5 axb4 44. axb4 Rc6 45. g4 Ra6 46. f6 Ra2+
47. Kd3 Rxf2 48. g5 Rf3+ 49. Kc2 Rf2+ 50. Kb3 Rf1 51. Rh7+ Ke6 52. g6 Kxf6 53.
Rf7+ 1-0

[Event "Tournoi francophone 017"]
[Site "Skype"]
[Date "????.??.??"]
[Round "6.25"]
[White "Hampton, Irene"]
[Black "Busto, Ricardo"]
[Result "0-1"]
[WhiteElo "1026"]
[BlackElo "1198"]
[PlyCount "34"]

1. d4 Nf6 2. Nc3 d5 3. Bf4 a6 4. e3 e6 5. Bd3 Bd6 6. b3 Bxf4 7. exf4 Nbd7 8.
Qe2 O-O 9. O-O-O c5 10. f5 exf5 11. Bxf5 g6 12. Bh3 Re8 13. Qf3 cxd4 14. Nxd5
Nxd5 15. Qxd5 Nf6 16. Qf3 Bxh3 17. Nxh3 Rb8 0-1

[Event "Tournoi francophone 017"]
[Site "Skype"]
[Date "????.??.??"]
[Round "6.26"]
[White "Colangelo, Michele"]
[Black "Esformes, Jacques"]
[Result "0-1"]
[WhiteElo "1189"]
[BlackElo "1015"]
[PlyCount "54"]

1. e4 c5 2. Nf3 d6 3. d4 Nf6 4. Nc3 b6 5. Bc4 Be6 6. d5 Bd7 7. O-O h6 8. h3 e6
9. Re1 Be7 10. Bf4 e5 11. Bg3 a6 12. Be2 Nh5 13. Bh2 Bg5 14. Nxg5 hxg5 15. Bxh5
g6 16. Bf3 g4 17. Bxg4 Qe7 18. Bxd7+ Nxd7 19. a3 Rh5 20. g4 Rxh3 21. Kg2 Qh4
22. Qf3 Rxh2+ 23. Kg1 Rh3 24. Qg2 O-O-O 25. f3 Rh8 26. Kf1 Rh2 27. Qg1 Rh1 0-1

[Event "Tournoi francophone 017"]
[Site "Skype"]
[Date "????.??.??"]
[Round "6.28"]
[White "Blanchard, Colette"]
[Black "De Fazio, Monica"]
[Result "1-0"]
[WhiteElo "1000"]
[BlackElo "1153"]
[PlyCount "87"]

1. d4 Nf6 2. c4 e6 3. Nc3 d5 4. Nf3 c5 5. Bf4 Nc6 6. Nb5 e5 7. Nxe5 Bd6 8.
Nxd6+ Qxd6 9. e3 Qd8 10. Be2 Qa5+ 11. Qd2 Qxd2+ 12. Kxd2 Ne4+ 13. Ke1 Nb4 14.
Bd1 O-O 15. a3 Nc6 16. cxd5 Ne7 17. Bf3 Nf6 18. d6 Nf5 19. dxc5 Nd7 20. Nxd7
Bxd7 21. Bxb7 Rab8 22. c6 Nh4 23. Rg1 Rfe8 24. b4 Ng6 25. cxd7 Red8 26. Bg5
Rxd7 27. Be4 Rxd6 28. Ke2 Re8 29. f3 Re5 30. Bf4 Nxf4+ 31. exf4 Rh5 32. h3 Rh4
33. Rad1 Rxd1 34. Rxd1 Kf8 35. Ke3 Ke8 36. Bc6+ Kf8 37. Rd8+ Ke7 38. Rd7+ Ke6
39. Rxa7 Rh5 40. Bd7+ Kd6 41. Be8 Rf5 42. Rxf7 Rxf7 43. Bxf7 Ke7 44. Bc4 1-0

[Event "Tournoi francophone 017"]
[Site "Skype"]
[Date "????.??.??"]
[Round "6.30"]
[White "Sahrane, Juba"]
[Black "Montilla Bejarano, Mey"]
[Result "1-0"]
[WhiteElo "1514"]
[BlackElo "1116"]
[PlyCount "51"]

1. e4 d5 2. exd5 Qxd5 3. Nc3 Qa5 4. Nf3 Nf6 5. Bc4 Bf5 6. Qe2 c6 7. d3 Nbd7 8.
Bd2 Qc7 9. h3 h6 10. O-O O-O-O 11. Bxf7 e6 12. Bxe6 Re8 13. Bxd7+ Bxd7 14. Qd1
Bd6 15. Re1 Reg8 16. Ne4 g5 17. Nxf6 Rg6 18. Nxd7 Qxd7 19. Bc3 Rh7 20. Be5 g4
21. Bxd6 Rxd6 22. Ne5 Qg7 23. Qxg4+ Qxg4 24. Nxg4 Rd8 25. Re5 h5 26. Nf6 1-0

[Event "Tournoi francophone 017"]
[Site "Skype"]
[Date "????.??.??"]
[Round "6.31"]
[White "Dida, Brahim"]
[Black "Gadow, Martin"]
[Result "0-1"]
[WhiteElo "1000"]
[BlackElo "1485"]
[PlyCount "68"]

1. d4 Nf6 2. Nf3 e6 3. e3 c5 4. dxc5 Bxc5 5. Nc3 O-O 6. Bd3 Nc6 7. e4 Qc7 8.
O-O a6 9. a3 b5 10. b4 Bd6 11. Be3 Ne5 12. Be2 Nxf3+ 13. Bxf3 Bxh2+ 14. Kh1 Be5
15. Bd4 Bxd4 16. Qxd4 e5 17. Nd5 Nxd5 18. Qxd5 Bb7 19. Qd1 Rac8 20. Bg4 Rcd8
21. Rc1 Bxe4 22. c4 bxc4 23. f3 Bd3 24. Rf2 Qb6 25. Kg1 d5 26. a4 f5 27. Bh5
Qh6 28. g4 fxg4 29. Bxg4 e4 30. fxe4 Rxf2 31. Kxf2 Qf4+ 32. Bf3 dxe4 33. Rc3
e3+ 34. Ke1 Qg3# 0-1

[Event "Tournoi francophone 017"]
[Site "Skype"]
[Date "????.??.??"]
[Round "6.32"]
[White "Codina, Teresa"]
[Black "Gagnon, Sindy"]
[Result "1-0"]
[WhiteElo "1310"]
[BlackElo "1000"]
[PlyCount "61"]

1. d4 Nf6 2. Nf3 Nc6 3. Bf4 d6 4. h3 e5 5. dxe5 dxe5 6. Qxd8+ Nxd8 7. Nxe5 Bd6
8. e3 O-O 9. Be2 Bf5 10. c3 Ne6 11. Bh2 Rad8 12. O-O c6 13. Nd2 Rfe8 14. b4 Nc7
15. Nec4 Bxh2+ 16. Kxh2 b6 17. Rad1 Ncd5 18. Nb1 Rb8 19. Nd6 Red8 20. Nxf5 Kf8
21. b5 cxb5 22. Bxb5 Nc7 23. Be2 Nfd5 24. c4 Nb4 25. Nc3 Nxa2 26. Nxa2 Re8 27.
Rd7 Kg8 28. Nd6 Rf8 29. Nc3 a5 30. Rxc7 a4 31. Nxa4 1-0

[Event "Tournoi francophone 017"]
[Site "Skype"]
[Date "????.??.??"]
[Round "6.33"]
[White "Coude, Josue"]
[Black "Porcabeuf, Jean-Marc"]
[Result "1-0"]
[WhiteElo "1099"]
[BlackElo "1229"]
[PlyCount "63"]

1. d4 d5 2. Nf3 c6 3. Bf4 g6 4. e3 Bg7 5. c3 Nd7 6. Bd3 Ngf6 7. Qb3 c5 8. c4
O-O 9. Nbd2 Re8 10. Rc1 Nb6 11. O-O Be6 12. Ng5 Bg4 13. h3 Bxh3 14. Nxh3 dxc4
15. Nxc4 e6 16. Nxb6 axb6 17. Bb5 Rf8 18. dxc5 bxc5 19. Rxc5 Ne4 20. Rc2 Nd2
21. Rxd2 Qxd2 22. Rd1 Qxb2 23. Bg3 Rxa2 24. Qxb2 Bxb2 25. Rb1 Rd8 26. Bc4 Ra3
27. Rxb2 Ra1+ 28. Kh2 Rdd1 29. Be5 Rh1+ 30. Kg3 Rac1 31. Rxb7 Rxc4 32. Rb8+ 1-0